[Event "EU-chT U18 1st"]
[Site "Balatonlelle"]
[Date "2000.07.13"]
[Round "5"]
[White "Kristjansson, Stefan"]
[Black "Geanta, Horia"]
[Result "1-0"]
[WhiteElo "2281"]
[BlackElo "2232"]
[PlyCount "81"]
[EventDate "2000.07.09"]
[EventType "team-swiss"]
[EventRounds "7"]
[EventCountry "HUN"]
[SourceTitle "EXT 2020"]
[Source "ChessBase"]
[SourceDate "2019.10.17"]
[SourceVersion "1"]
[SourceVersionDate "2019.10.17"]
[SourceQuality "1"]
[WhiteTeam "Iceland U18"]
[BlackTeam "Romania U18"]
[WhiteTeamCountry "ISL"]
[BlackTeamCountry "ROU"]

1. e4 c5 2. Nf3 Nc6 3. d4 cxd4 4. Nxd4 Nf6 5. Nc3 d6 6. Bg5 e6 7. Qd2 a6 8. 0-0-0 Bd7 9. f4 b5 10. Bxf6 gxf6 11. Kb1 Qb6 12. Nxc6 Bxc6 13. Bd3 h5 14. Rhf1 0-0-0 15. Qe1 Be7 16. Nd5 exd5 17. exd5 Bxd5 18. Qxe7 Bxg2 19. Rfe1 Bf3 20. Rc1 d5 21. Qxf7 Rhf8 22. Qh7 Rfe8 23. Rxe8 Rxe8 24. Bg6 Re2 25. Bxh5 Bxh5 26. Qxh5 Qe3 27. a3 Re1 28. Qf5+ Kb8 29. Rxe1 Qxe1+ 30. Ka2 Qf2 31. Qxf6 Ka7 32. h4 Qxc2 33. Qd4+ Kb7 34. Qxd5+ Ka7 35. f5 Qf2 36. h5 Qh4 37. Qd7+ Kb6 38. Qe6+ Kc5 39. h6 b4 40. Qc8+ Kd5 41. Qg8+ 1-0

[Event "ROM-chT2"]
[Site "Baile Tusnad"]
[Date "2000.??.??"]
[Round "?"]
[White "Geanta, Horia"]
[Black "Cornea, Remus Florin"]
[Result "0-1"]
[WhiteElo "2242"]
[BlackElo "2184"]
[PlyCount "80"]
[EventDate "2000.??.??"]
[EventType "team"]
[EventRounds "9"]
[EventCountry "ROU"]
[SourceTitle "EXT 2001"]
[Source "ChessBase"]
[SourceDate "2000.11.22"]
[SourceVersion "1"]
[SourceVersionDate "2000.11.22"]
[SourceQuality "1"]

1. e4 c5 2. Nf3 d6 3. d4 cxd4 4. Nxd4 Nf6 5. Nc3 a6 6. Bc4 e6 7. Bb3 b5 8. f4 b4 9. Na4 Nxe4 10. 0-0 g6 11. f5 gxf5 12. Nxf5 Bb7 13. Qh5 Rg8 14. Ng3 Nf6 15. Qh4 Nbd7 16. Bg5 Be7 17. Rae1 Rg6 18. Qxb4 Qc7 19. Qd2 Qc6 20. Re2 0-0-0 21. Rf3 Kb8 22. Rc3 Qb5 23. Bf4 Nd5 24. Bxd5 Qxd5 25. Rd3 Qc6 26. b3 e5 27. Nf5 Rdg8 28. Bg3 Bf8 29. c4 Nc5 30. Nxc5 Qxc5+ 31. Qe3 Qxe3+ 32. Nxe3 Be4 33. Rd1 f5 34. Nc2 h5 35. Ne1 Be7 36. Kf1 Kb7 37. c5 d5 38. Bxe5 Bxc5 39. g3 h4 40. Rc1 Bb6 0-1

[Event "ROM-ch U18 sf"]
[Site "Calimanesti"]
[Date "2000.??.??"]
[Round "?"]
[White "Geanta, Horia"]
[Black "Raut, Cristian"]
[Result "1/2-1/2"]
[WhiteElo "2242"]
[BlackElo "2126"]
[PlyCount "21"]
[EventDate "2000.??.??"]
[EventType "swiss"]
[EventRounds "9"]
[EventCountry "ROU"]
[SourceTitle "EXT 2001"]
[Source "ChessBase"]
[SourceDate "2000.11.22"]
[SourceVersion "1"]
[SourceVersionDate "2000.11.22"]
[SourceQuality "1"]

1. e4 c5 2. Nf3 Nc6 3. Nc3 e5 4. Bc4 d6 5. d3 Bg4 6. h3 Bxf3 7. Qxf3 Qd7 8. Be3 Nf6 9. 0-0 Be7 10. Ne2 Rd8 11. c3 1/2-1/2

[Event "ROM-chT2"]
[Site "Baile Tusnad"]
[Date "2000.??.??"]
[Round "?"]
[White "Geanta, Horia"]
[Black "Sebe Vodislav, Florian George"]
[Result "1-0"]
[WhiteElo "2242"]
[BlackElo "2162"]
[PlyCount "65"]
[EventDate "2000.??.??"]
[EventType "team"]
[EventRounds "9"]
[EventCountry "ROU"]
[SourceTitle "EXT 2001"]
[Source "ChessBase"]
[SourceDate "2000.11.22"]
[SourceVersion "1"]
[SourceVersionDate "2000.11.22"]
[SourceQuality "1"]

1. e4 c6 2. d4 d5 3. e5 Bf5 4. Nd2 e6 5. Nb3 Nd7 6. Nf3 Ne7 7. Be2 Bg4 8. 0-0 Ng6 9. h3 Bxf3 10. Bxf3 Be7 11. Bg4 Qc7 12. f4 0-0-0 13. f5 exf5 14. Rxf5 f6 15. exf6 gxf6 16. Bh6 Rhg8 17. Qe2 Rde8 18. Re1 Kd8 19. Qd3 Nh4 20. Rf2 Bd6 21. Rfe2 Rxe2 22. Qxe2 Bh2+ 23. Kh1 Qd6 24. Nc5 Kc7 25. Qe6 Nxc5 26. Qf7+ Nd7 27. Bxd7 Rxg2 28. Bc8+ Kxc8 29. Re8+ Qd8 30. Rxd8+ Kxd8 31. Qxf6+ Kc7 32. Qxh4 Rxc2 33. Bf4+ 1-0

[Event "Radulescu Memorial"]
[Site "Calimanesti"]
[Date "2000.??.??"]
[Round "?"]
[White "Geanta, Horia"]
[Black "Vladila, Alina"]
[Result "1-0"]
[WhiteElo "2242"]
[BlackElo "2086"]
[PlyCount "71"]
[EventDate "2000.??.??"]
[EventType "swiss"]
[EventRounds "9"]
[EventCountry "ROU"]
[SourceTitle "EXT 2001"]
[Source "ChessBase"]
[SourceDate "2000.11.22"]
[SourceVersion "1"]
[SourceVersionDate "2000.11.22"]
[SourceQuality "1"]

1. e4 c5 2. Nf3 e6 3. Nc3 Nc6 4. d4 cxd4 5. Nxd4 Nf6 6. Ndb5 Bb4 7. a3 Bxc3+ 8. Nxc3 0-0 9. Bd3 d5 10. 0-0 h6 11. exd5 Nxd5 12. Nxd5 Qxd5 13. c4 Qd8 14. b4 e5 15. Bb2 f5 16. Re1 Re8 17. Qh5 e4 18. Rad1 Bd7 19. Bc2 Qc7 20. g4 Ne5 21. Re3 Nxg4 22. Rg3 Be6 23. h3 Ne5 24. Qxh6 Bxc4 25. Qf4 Re7 26. Qxf5 Rf8 27. Bxe5 Qxe5 28. Qxe5 Rxe5 29. Rd7 Rf7 30. Rd8+ Rf8 31. Rd4 Bd5 32. h4 Rf4 33. Rxd5 Rxd5 34. Bb3 Rff5 35. Rg5 Rxg5+ 36. hxg5 1-0

[Event "ROM-ch sf"]
[Site "Baile Tusnad"]
[Date "1999.??.??"]
[Round "4"]
[White "Geanta, Horia"]
[Black "Moraru, Marius"]
[Result "1/2-1/2"]
[WhiteElo "2235"]
[BlackElo "2368"]
[PlyCount "45"]
[EventDate "1999.09.??"]
[EventType "swiss"]
[EventRounds "9"]
[EventCountry "ROU"]
[SourceTitle "EXT 2000"]
[Source "ChessBase"]
[SourceDate "1999.11.16"]
[SourceVersion "1"]
[SourceVersionDate "1999.11.16"]
[SourceQuality "1"]

1. e4 c5 2. Nf3 Nc6 3. Bb5 g6 4. 0-0 Bg7 5. c3 Nf6 6. Re1 0-0 7. d4 cxd4 8. cxd4 d5 9. e5 Ne8 10. h3 Nc7 11. Bf1 f6 12. exf6 exf6 13. Nc3 Be6 14. Bf4 Bf7 15. Qd2 Ne6 16. Bh2 Qd7 17. Rac1 Rfe8 18. Bb5 Nf8 19. Na4 Rxe1+ 20. Nxe1 Rc8 21. Nd3 Qf5 22. Bxc6 Rxc6 23. Rxc6 1/2-1/2

[Event "ROM-HUN U20"]
[Site "Romania"]
[Date "1998.??.??"]
[Round "?"]
[White "Geanta, Horia"]
[Black "Gonczi, Jozsef"]
[Result "0-1"]
[WhiteElo "2220"]
[BlackElo "2210"]
[PlyCount "74"]
[EventDate "1998.??.??"]
[EventType "team"]
[EventRounds "4"]
[EventCountry "ROU"]
[SourceTitle "EXT 2004"]
[Source "ChessBase"]
[SourceDate "2003.11.25"]
[SourceVersion "1"]
[SourceVersionDate "2003.11.25"]
[SourceQuality "1"]

1. e4 c5 2. Nf3 g6 3. d4 Bg7 4. Nc3 cxd4 5. Nxd4 Nc6 6. Be3 Nf6 7. Bc4 0-0 8. Bb3 a5 9. f3 d6 10. Qd2 Bd7 11. a4 Rc8 12. 0-0 Ne5 13. Nce2 Qc7 14. Rfd1 Rfd8 15. Qe1 d5 16. exd5 Nc4 17. Bxc4 Qxc4 18. Qxa5 b6 19. Qd2 Nxd5 20. b3 Qc7 21. c4 Nxe3 22. Qxe3 Qc5 23. Rac1 e5 24. Nc2 Bh6 25. Qxc5 bxc5 26. Ra1 Bf5 27. Na3 Rxd1+ 28. Rxd1 Rb8 29. a5 Ra8 30. Nc3 Rxa5 31. Rd8+ Kg7 32. Na4 Bc1 33. g4 Be6 34. Nc2 Bxc4 35. Nxc5 Be2 36. Nd3 Bg5 37. Rd7 Bxf3 0-1

[Event "ROM-HUN U20"]
[Site "Romania"]
[Date "1998.??.??"]
[Round "?"]
[White "Geanta, Horia"]
[Black "Szeberenyi, Adam"]
[Result "1/2-1/2"]
[WhiteElo "2220"]
[BlackElo "2230"]
[PlyCount "54"]
[EventDate "1998.??.??"]
[EventType "team"]
[EventRounds "4"]
[EventCountry "ROU"]
[SourceTitle "EXT 2004"]
[Source "ChessBase"]
[SourceDate "2003.11.25"]
[SourceVersion "1"]
[SourceVersionDate "2003.11.25"]
[SourceQuality "1"]

1. e4 c5 2. Nf3 d6 3. d4 cxd4 4. Nxd4 Nf6 5. Nc3 a6 6. Be3 Ng4 7. Bg5 h6 8. Bh4 g5 9. Bg3 Bg7 10. Qd2 Nc6 11. Nxc6 bxc6 12. Bc4 Ne5 13. Bb3 Qa5 14. f3 Rb8 15. h4 Be6 16. Nd1 Qxd2+ 17. Kxd2 Nc4+ 18. Bxc4 Bxc4 19. hxg5 hxg5 20. Rxh8+ Bxh8 21. Bf2 Be5 22. c3 Kd7 23. b3 Be6 24. Be3 f6 25. Nf2 Rh8 26. Rh1 Rxh1 27. Nxh1 d5 1/2-1/2

[Event "WUCC op U16"]
[Site "Istanbul"]
[Date "1998.??.??"]
[Round "?"]
[White "Riazantsev, Alexander"]
[Black "Geanta, Horia"]
[Result "1/2-1/2"]
[WhiteElo "2290"]
[BlackElo "2205"]
[PlyCount "182"]
[EventDate "1998.??.??"]
[EventType "swiss"]
[EventRounds "10"]
[EventCountry "TUR"]
[SourceTitle "EXT 2007"]
[Source "ChessBase"]
[SourceDate "2006.11.23"]
[SourceVersion "1"]
[SourceVersionDate "2006.11.23"]
[SourceQuality "1"]

1. d4 Nf6 2. c4 e6 3. Nf3 Bb4+ 4. Bd2 c5 5. Bxb4 cxb4 6. e3 0-0 7. Bd3 d6 8. 0-0 Qe7 9. Nbd2 e5 10. Qc2 Nbd7 11. Ng5 h6 12. Nge4 Nxe4 13. Bxe4 Nf6 14. Bf3 Re8 15. a3 bxa3 16. Rxa3 Bg4 17. Bxg4 Nxg4 18. h3 Nf6 19. d5 e4 20. b4 a6 21. Qb2 b5 22. Qd4 Qb7 23. Rc1 Re5 24. Ra5 bxc4 25. Rxc4 Rxd5 26. Rxd5 Qxd5 27. Nxe4 Qxe4 28. Qxe4 Nxe4 29. Rxe4 Kf8 30. Rc4 Rb8 31. Kf1 Ke7 32. Ke2 Rb5 33. Kd3 a5 34. bxa5 Rxa5 35. Rc7+ Ke6 36. Ke4 h5 37. g3 g6 38. Rb7 Ra2 39. Kf3 Ra3 40. Rb4 Rc3 41. Re4+ Kf6 42. Rd4 Ke6 43. Ra4 Rb3 44. Ra8 Ke7 45. Ra7+ Ke6 46. Ra8 Ke7 47. Ra4 Ke6 48. Re4+ Kf6 49. Rf4+ Ke6 50. g4 hxg4+ 51. hxg4 Rb5 52. Ra4 Rc5 53. Kf4 g5+ 54. Kf3 Rb5 55. Re4+ Kd7 56. Ra4 f6 57. Re4 Ra5 58. Kg3 Ra3 59. Rb4 Ke6 60. Rb8 Rc3 61. Re8+ Kd7 62. Re4 Ra3 63. Rd4 Ke6 64. Rb4 Rc3 65. Rb5 Ra3 66. Rb8 Rc3 67. Re8+ Kd7 68. Re4 Ra3 69. Kg2 Rb3 70. Kf3 Ra3 71. Rb4 Ke6 72. Ke4 Ra5 73. Rd4 Rb5 74. f4 gxf4 75. Kxf4 Rc5 76. Re4+ Kf7 77. Ra4 d5 78. Ra7+ Kg6 79. Rd7 Rb5 80. Kf3 Ra5 81. Ke2 Ra4 82. Rxd5 Rxg4 83. Kf3 Ra4 84. Rb5 Ra1 85. Rc5 Ra4 86. Rb5 Rc4 87. Ra5 Rb4 88. Rc5 Ra4 89. Rb5 Rc4 90. Ra5 Rb4 91. Rc5 Ra4 1/2-1/2

[Event "WUCC op U16"]
[Site "Istanbul"]
[Date "1998.??.??"]
[Round "?"]
[White "Shavtvaladze, Nikoloz"]
[Black "Geanta, Horia"]
[Result "1/2-1/2"]
[WhiteElo "2160"]
[BlackElo "2205"]
[PlyCount "93"]
[EventDate "1998.??.??"]
[EventType "swiss"]
[EventRounds "10"]
[EventCountry "TUR"]
[SourceTitle "EXT 2007"]
[Source "ChessBase"]
[SourceDate "2006.11.23"]
[SourceVersion "1"]
[SourceVersionDate "2006.11.23"]
[SourceQuality "1"]

1. e4 c5 2. Nf3 Nc6 3. d4 cxd4 4. Nxd4 Nf6 5. Nc3 d6 6. Bg5 e6 7. Qd2 a6 8. 0-0-0 Bd7 9. f4 b5 10. a3 Qb6 11. Nxc6 Bxc6 12. Bxf6 gxf6 13. Be2 h5 14. Bf3 b4 15. axb4 Qxb4 16. Qd4 Rb8 17. Qxb4 Rxb4 18. Rhe1 Bb7 19. Rd3 h4 20. Kb1 Bh6 21. g3 Bf8 22. f5 hxg3 23. hxg3 Be7 24. Rde3 Bd8 25. Rd3 Ke7 26. Red1 Bc7 27. g4 a5 28. Rh1 Rxh1+ 29. Bxh1 Bb6 30. Rh3 Bd4 31. Nd1 Be5 32. Rb3 Rxb3 33. cxb3 Ba6 34. Bf3 Bd3+ 35. Ka2 Bd4 36. Ka3 Bb5 37. b4 axb4+ 38. Kxb4 Bd3 39. Nc3 Kd7 40. Kb3 Kc6 41. Be2 Bxc3 42. Bxd3 Bd4 43. Ka3 d5 44. b4 dxe4 45. Bxe4+ Kb6 46. Kb3 exf5 47. gxf5 1/2-1/2

[Event "EU-ch U16"]
[Site "Tallinn"]
[Date "1997.??.??"]
[Round "8"]
[White "Geanta, Horia"]
[Black "Vavrak, Peter"]
[Result "1-0"]
[WhiteElo "2205"]
[BlackElo "2245"]
[PlyCount "63"]
[EventDate "1997.??.??"]
[EventType "swiss"]
[EventRounds "9"]
[EventCountry "EST"]
[SourceTitle "EXT 1998"]
[Source "ChessBase"]
[SourceDate "1997.11.17"]
[SourceVersion "1"]
[SourceVersionDate "1997.11.17"]
[SourceQuality "1"]

1. e4 e6 2. d4 d5 3. e5 c5 4. c3 Qb6 5. Nf3 Bd7 6. Be2 Bb5 7. c4 Bxc4 8. Bxc4 Qb4+ 9. Nbd2 dxc4 10. a3 Qb5 11. Qe2 cxd4 12. Nxd4 Qd5 13. N4f3 Nd7 14. Nxc4 Rc8 15. Ne3 Qe4 16. b4 a5 17. 0-0 axb4 18. axb4 Ne7 19. Rd1 Nc6 20. Ng5 Qxe5 21. Nxf7 Kxf7 22. Rxd7+ Be7 23. Bb2 Qg5 24. b5 Nd8 25. f4 Qg6 26. f5 Qg5 27. Ba3 Re8 28. fxe6+ Nxe6 29. Nd5 Nc5 30. Bxc5 Rxc5 31. Rf1+ Kg8 32. Rxe7 1-0